000 00724nam a2200289Ia 4500
005 20260324112534.0
008 008 260324s9999 xx 000 0 eng d
020 _a9781003487890
037 _aEBOOK
040 _aCRL
040 _beng
040 _cCRL
041 _2eng
041 _aeng
084 _qCRL
100 _aUtpal Sharma; Swati Kothary; Vibha Gajjar
_91143115
245 0 _aFuture is Urban
245 0 _bNature Based Solutions, Capacity Building and Urban Resilience
260 _bTaylor and Francis
260 _c2024
365 _a
365 _b595
856 _uhttp://www.taylorfrancis.com/books/9781003487890
942 _cEBOOK
999 _c1732358
_d1732358